| 000 | 00505nas a2200181 a 4500 | ||
|---|---|---|---|
| 003 | DLC | ||
| 005 | 20260227112513.0 | ||
| 008 | 121206c1991 mx br1p r 0 0eng d | ||
| 035 | _aUPN01000189077 | ||
| 040 |
_aMX-MxUPN _bspa _cMX-MxUPN _eaacr2 |
||
| 245 | 0 | 0 |
_aAccesos : _bEestilo de vida y discapacidad |
| 260 |
_aMéxico : _bGrupo Especializado FMP, _c1990?- |
||
| 310 | _aBimestral | ||
| 650 | 2 |
_aDiscapacidades _914026 |
|
| 902 | _aGloria Jiménez/270226 | ||
| 905 | _aRevista | ||
| 942 | _cREV-I | ||
| 999 |
_c161180 _d161180 |
||